000 00604nam a22002057a 4500
005 20220720100721.0
008 220720b ||||| |||| 00| 0 eng d
040 _cAL
041 _aEnglish
082 _223
_a374.992
_bMATR
100 _aV S Mathur
_951606
245 _aReport of the First Asian Conference on Trade Union Education
260 _aCalcutta
_bV S Mathur
300 _a200 p.
_bPB
_c18.5x12 cm.
650 _aWorkers Educational Association
_951607
650 _aLabor unions
_951608
650 _aWorking class--Education
_951609
700 _aMATHUR (V S)
_951610
942 _2ddc
_cGF
999 _c224017
_d224017